[Event "Tournoi Skype 028B"]
[Site "Skype"]
[Date "????.??.??"]
[Round "1.68"]
[White "Conde, Ramon"]
[Black "Urda, Carlos Mario"]
[Result "0-1"]
[WhiteElo "1113"]
[BlackElo "1000"]
[PlyCount "120"]

1. d4 e5 2. c3 d5 3. Nf3 e4 4. Nfd2 Nf6 5. e3 c5 6. b3 cxd4 7. cxd4 Bb4 8. Be2
Nc6 9. Bb2 O-O 10. O-O a6 11. f3 exf3 12. Nxf3 Re8 13. a3 Ba5 14. Qd3 Ng4 15.
b4 Bc7 16. Bc1 Qd6 17. g3 h5 18. Nbd2 h4 19. Ne5 Ngxe5 20. dxe5 Qxe5 21. Rf4
hxg3 22. hxg3 g5 23. Nf3 Qxe3+ 24. Qxe3 Rxe3 25. Bxe3 gxf4 26. gxf4 Bg4 27. Rd1
Re8 28. Kf2 Ne7 29. Bd4 Nf5 30. Ne5 Bxe2 31. Kxe2 f6 32. Bb2 fxe5 33. Rxd5
exf4+ 34. Kd3 f3 35. Rxf5 Rf8 36. Rc5 Bb8 37. Ke3 f2 38. Rg5+ Kh7 39. Rh5+ Kg6
40. Rh1 Bh2 41. Ke2 Bg1 42. Kf1 Kg5 43. Rh8 Rf7 44. Rg8+ Kh4 45. Bd4 Rf4 46.
Rh8+ Kg3 47. Be3 Rf3 48. Rg8+ Kh3 49. Bc5 Rf5 50. Rf8 Rxf8 51. Bxf8 b5 52. Bc5
Kg3 53. Bd6+ Kf3 54. Bc7 Ke4 55. Ke2 Kd5 56. Bg3 Kc4 57. Bxf2 Bxf2 58. Kxf2 Kb3
59. Ke3 Kxa3 60. Kd4 Kxb4 0-1

[Event "Tournoi Skype 028B"]
[Site "Skype"]
[Date "????.??.??"]
[Round "1.69"]
[White "Vaquero, Roberto"]
[Black "Guillaume, Mickael"]
[Result "1/2-1/2"]
[WhiteElo "1000"]
[BlackElo "1106"]
[PlyCount "46"]

1. e4 e5 2. Bc4 Bc5 3. Nf3 Nc6 4. d3 h6 5. O-O Nf6 6. Nc3 O-O 7. h3 d6 8. Re1
Be6 9. Be3 Bxc4 10. dxc4 Bb6 11. a3 Na5 12. b3 Nc6 13. Qd3 Ne7 14. Rad1 Qd7 15.
Kh1 Kh7 16. Rg1 Rg8 17. g4 g5 18. Rg2 Rg6 19. Rdg1 Rag8 20. Qe2 Kh8 21. Bxb6
axb6 22. Nd5 Nh7 23. Nxe7 Qxe7 1/2-1/2

[Event "Tournoi Skype 028B"]
[Site "Skype"]
[Date "????.??.??"]
[Round "1.70"]
[White "Hernandez Lopez, Joaquin"]
[Black "Vasquez Donaire, Ivis Godofredo"]
[Result "1-0"]
[WhiteElo "1106"]
[BlackElo "1000"]
[PlyCount "79"]

1. e4 e5 2. Nf3 Nf6 3. Nc3 Nc6 4. Bc4 Bc5 5. Ng5 O-O 6. d3 d6 7. h3 h6 8. Nf3
Re8 9. Be3 Bxe3 10. fxe3 Nh5 11. Qd2 Qf6 12. Rf1 Qg6 13. Nh4 Qg3+ 14. Qf2 Qxf2+
15. Rxf2 Be6 16. Nd5 Rac8 17. g4 Ng3 18. O-O-O a6 19. Rg1 Ne2+ 20. Rxe2 Bxd5
21. Bxd5 Nb4 22. Bxb7 Rb8 23. Bd5 c6 24. Bb3 a5 25. a3 Na6 26. Rf1 Rf8 27. Nf5
Nc5 28. Ba2 Na4 29. c3 Nc5 30. Rd2 Nb3+ 31. Bxb3 Rxb3 32. Kc2 Rfb8 33. Rb1 Kf8
34. Nxd6 a4 35. Nc4 c5 36. Nxe5 Rd8 37. c4 Re8 38. Nd7+ Kg8 39. Nxc5 Rb6 40.
Nxa4 1-0

[Event "Tournoi Skype 028B"]
[Site "Skype"]
[Date "????.??.??"]
[Round "1.71"]
[White "Vaswani, Manohar"]
[Black "Rivalta, Paolo"]
[Result "1-0"]
[WhiteElo "1000"]
[BlackElo "1101"]
[PlyCount "79"]

1. e4 e5 2. Nf3 Nc6 3. Bc4 h6 4. O-O b6 5. Nc3 Bb7 6. d3 Bc5 7. Re1 Qf6 8. Be3
Bb4 9. Nd5 Qg6 10. c3 Bd6 11. Nh4 Qh7 12. Nf5 O-O-O 13. Nxd6+ cxd6 14. Qa4 Na5
15. Bxb6 Nxc4 16. Qxc4+ Bc6 17. Bxd8 Kxd8 18. Qa6 Bxd5 19. Qa5+ Ke7 20. Qxd5
Qg6 21. Qb7 Nf6 22. Re3 h5 23. Qxa7 Ng4 24. Rg3 h4 25. Rh3 Qf6 26. f3 Nh6 27.
Qf2 g5 28. g3 hxg3 29. Rxg3 Qg7 30. h4 g4 31. fxg4 Nxg4 32. Qf3 Rxh4 33. Rf1 f6
34. Rf2 Qg5 35. Rf1 Qh5 36. d4 f5 37. exf5 Kf6 38. dxe5+ Kxe5 39. f6 Nh2 40.
Re1+ 1-0

[Event "Tournoi Skype 028B"]
[Site "Skype"]
[Date "????.??.??"]
[Round "1.72"]
[White "Schnell, Nicolas"]
[Black "Yepez, German"]
[Result "0-1"]
[WhiteElo "1099"]
[BlackElo "1000"]
[PlyCount "76"]

1. e4 e5 2. Bc4 Bc5 3. Nf3 d6 4. d3 Bg4 5. Bg5 Nf6 6. Qd2 Nbd7 7. O-O Bxf3 8.
Nc3 Bh5 9. Nd5 c6 10. Nxf6+ Nxf6 11. c3 h6 12. Be3 Bb6 13. d4 Nxe4 14. Qc2 Bg6
15. Rad1 Ng3 16. fxg3 Bxc2 17. Rd2 Bg6 18. dxe5 Bxe3+ 19. Rff2 Bxf2+ 20. Kxf2
Qb6+ 21. Ke1 d5 22. Bd3 Bxd3 23. Rxd3 Qg1+ 24. Ke2 Qxg2+ 25. Ke3 O-O-O 26. Rd2
Qe4+ 27. Kf2 Qxe5 28. Re2 Qf5+ 29. Kg2 d4 30. cxd4 Rxd4 31. Rf2 Qe6 32. h4 Rhd8
33. Kg1 Rd1+ 34. Kg2 h5 35. a4 Qe4+ 36. Rf3 R8d3 37. g4 Qxf3+ 38. Kh2 Rh1# 0-1

[Event "Tournoi Skype 028B"]
[Site "Skype"]
[Date "????.??.??"]
[Round "2.1"]
[White "Luna Perez Vico, Lorenzo"]
[Black "Felippe E Silva, Glenda"]
[Result "0-1"]
[WhiteElo "1458"]
[BlackElo "1207"]
[PlyCount "106"]

1. e4 c6 2. d4 d5 3. Nd2 dxe4 4. Nxe4 Bf5 5. Ng3 Bg6 6. Nf3 Nd7 7. Bd3 Bxd3 8.
Qxd3 Ngf6 9. Ne4 Nxe4 10. Qxe4 e6 11. c3 Bd6 12. Qg4 O-O 13. Bh6 Qf6 14. Qg5
Qxh6 15. Qxh6 gxh6 16. g3 Nf6 17. c4 Rad8 18. O-O-O a6 19. c5 Bc7 20. Rhe1 Nd5
21. Re4 Nf6 22. Re2 b5 23. cxb6 Bxb6 24. Rc2 Rc8 25. Ne5 c5 26. dxc5 Rxc5 27.
Rxc5 Bxc5 28. Nd3 Bd4 29. Kb1 Rb8 30. f3 Nd5 31. Kc1 Rc8+ 32. Kb1 a5 33. f4 Ne3
34. Rd2 Nc4 35. Rc2 Nb6 36. Re2 Nd5 37. Re4 Bf6 38. Re2 Nb4 39. Nxb4 axb4 40.
Re4 Be7 41. b3 Rc3 42. f5 Rc6 43. fxe6 Rxe6 44. Rxe6 fxe6 45. Kc2 Kf7 46. Kd3
Kf6 47. Ke4 Bd6 48. Kf3 Kf5 49. g4+ Ke5 50. Ke3 Bc5+ 51. Kf3 Kd4 52. h4 e5 53.
h5 Kd3 0-1

[Event "Tournoi Skype 028B"]
[Site "Skype"]
[Date "????.??.??"]
[Round "2.2"]
[White "Douichi, Mohammed"]
[Black "Escabias Perez, Miguel"]
[Result "0-1"]
[WhiteElo "1203"]
[BlackElo "1441"]
[PlyCount "105"]

1. d4 Nf6 2. Nc3 d5 3. Nf3 Nbd7 4. Qd3 c5 5. e4 dxe4 6. Nxe4 cxd4 7. Qxd4 Nxe4
8. Qxe4 Nf6 9. Qa4+ Bd7 10. Qb3 Bc6 11. Ng5 e6 12. Bb5 Qa5+ 13. c3 Qxb5 14.
Qxb5 Bxb5 15. a3 Bd6 16. Nf3 O-O 17. Be3 Rfd8 18. Nd4 Ba6 19. O-O-O Rac8 20.
Nc2 b6 21. h3 Bb7 22. f3 Nd5 23. Bg5 Be7 24. Bxe7 Nxe7 25. Rxd8+ Rxd8 26. Nd4
Nd5 27. Nb5 a6 28. Nd4 b5 29. Re1 Bc8 30. Nc6 Rd7 31. Ne5 Rc7 32. Kb1 a5 33.
Rd1 Bb7 34. Ng4 Rc8 35. Nf2 b4 36. cxb4 axb4 37. axb4 Nxb4 38. Ng4 Bd5 39. Ne3
Re8 40. Rd2 Bb3 41. Ka1 Nd5 42. Nf1 Rc8 43. Kb1 h6 44. Re2 Rd8 45. Nd2 Nf4 46.
Rf2 Bd5 47. Ka1 Rb8 48. Nb1 Nd3 49. Rd2 Nb4 50. Nc3 Re8 51. Rd4 Nc2+ 52. Kb1
Nxd4 53. b4 0-1

[Event "Tournoi Skype 028B"]
[Site "Skype"]
[Date "????.??.??"]
[Round "2.3"]
[White "Morales Rubiella, Albert"]
[Black "Milanese, Serge"]
[Result "0-1"]
[WhiteElo "1419"]
[BlackElo "1202"]
[PlyCount "60"]

1. e4 c6 2. d4 d5 3. exd5 cxd5 4. Bf4 e6 5. Nf3 Nc6 6. Bb5 Nf6 7. Ne5 Bd7 8. a3
a6 9. Nxc6 Bxc6 10. Bxc6+ bxc6 11. Nc3 a5 12. Na4 Rc8 13. f3 c5 14. Be3 Nd7 15.
dxc5 Bxc5 16. Nxc5 Nxc5 17. Bd4 Qh4+ 18. g3 Qg5 19. Qd2 Qxd2+ 20. Kxd2 O-O 21.
Bc3 a4 22. b4 axb3 23. Bb4 bxc2 24. Kxc2 Rfe8 25. Kc3 Ne4+ 26. Kd4 Rc4+ 27. Ke3
Ng5 28. f4 Ne4 29. Rhc1 Rec8 30. Kd3 Rxc1 0-1

[Event "Tournoi Skype 028B"]
[Site "Skype"]
[Date "????.??.??"]
[Round "2.4"]
[White "Alarcon Alarcon, Marina"]
[Black "Junqueira, Leonardo De Faria"]
[Result "0-1"]
[WhiteElo "1198"]
[BlackElo "1408"]
[PlyCount "50"]

1. e4 d5 2. e5 c5 3. d4 cxd4 4. Qxd4 e6 5. Nf3 Ne7 6. Bb5+ Bd7 7. Nc3 Bxb5 8.
Nxb5 Qa5+ 9. Nc3 Nbc6 10. Qa4 Qxa4 11. Nxa4 Ng6 12. Be3 Ngxe5 13. Nxe5 Nxe5 14.
Bd4 Nc6 15. Bc5 Bxc5 16. Nxc5 Nd4 17. Nxb7 Nxc2+ 18. Kd2 Nxa1 19. Rxa1 O-O 20.
Nd6 Rfd8 21. Nb5 Rdb8 22. Nd4 Rxb2+ 23. Ke1 Rab8 24. Nc6 Rb1+ 25. Rxb1 Rxb1+
0-1

[Event "Tournoi Skype 028B"]
[Site "Skype"]
[Date "????.??.??"]
[Round "2.5"]
[White "Munoz Gonzalez, Martin"]
[Black "Tembhurnekar, Ritu"]
[Result "1/2-1/2"]
[WhiteElo "1406"]
[BlackElo "1198"]
[PlyCount "94"]

1. d4 d5 2. Nf3 Nf6 3. e3 Bf5 4. Nbd2 e6 5. a3 Nbd7 6. c4 c6 7. Be2 dxc4 8.
Bxc4 Ne4 9. Nxe4 Bxe4 10. Bd3 Nf6 11. Bxe4 Nxe4 12. Qd3 Ng5 13. Ne5 Bd6 14. Nc4
Bc7 15. h4 Qd5 16. hxg5 Qxg2 17. Qf1 Qxg5 18. Rg1 Qf6 19. Qg2 g6 20. Qg5 Qf3
21. Nd2 Qd5 22. Qxd5 exd5 23. Nf3 O-O-O 24. Ng5 Rd7 25. Bd2 Kb8 26. Rh1 h5 27.
Nf3 Re7 28. Bc3 Re4 29. Ng5 Re7 30. Bb4 Rd7 31. a4 a5 32. Bc3 Re7 33. b4 b6 34.
bxa5 bxa5 35. Rb1+ Kc8 36. Kd2 Kd8 37. Rhc1 Kd7 38. Rb7 h4 39. Bxa5 Kc8 40.
Bxc7 Kxb7 41. Bh2 h3 42. Rb1+ Ka8 43. Rb6 f6 44. Nf3 Re6 45. a5 Ka7 46. Kc3 Rc8
47. Ng1 Rh8 1/2-1/2

[Event "Tournoi Skype 028B"]
[Site "Skype"]
[Date "????.??.??"]
[Round "2.6"]
[White "Ruiz Gomez, Luz Alba"]
[Black "San Isidro, Josep"]
[Result "0-1"]
[WhiteElo "1190"]
[BlackElo "1406"]
[PlyCount "120"]

1. d4 Nf6 2. Nf3 d5 3. Bf4 e6 4. e3 Bd6 5. Bg3 O-O 6. Nbd2 c5 7. c3 Nc6 8. Bd3
b6 9. O-O Qc7 10. Bxd6 Qxd6 11. Qe2 e5 12. dxe5 Nxe5 13. Bc2 Bg4 14. h3 Bh5 15.
Bd1 Ne4 16. Re1 Nxd2 17. Qxd2 Nxf3+ 18. Bxf3 Bxf3 19. gxf3 Rad8 20. f4 f5 21.
Kf1 Rf6 22. Ke2 Rh6 23. Rh1 Qc7 24. Rag1 Re6 25. Kd1 Qc6 26. Qd3 Rf6 27. Rg5
Qd7 28. h4 d4 29. Kc1 dxc3 30. Qxc3 Rd6 31. Qc2 Rd2 32. Qb3+ Qd5 33. Qxd5+
R2xd5 34. b3 R8d6 35. h5 g6 36. hxg6 Rxg6 37. Rd1 Rxd1+ 38. Kxd1 Rxg5 39. fxg5
Kf7 40. f4 Ke6 41. Ke2 b5 42. Kd3 Kd5 43. a3 a5 44. Kd2 Ke4 45. Ke2 c4 46. bxc4
bxc4 47. Kd2 c3+ 48. Kxc3 Kxe3 49. a4 Kxf4 50. Kd3 Kxg5 51. Ke2 h5 52. Kf2 Kg4
53. Kg2 Kh4 54. Kh2 Kg4 55. Kg2 h4 56. Kh2 Kf3 57. Kh3 f4 58. Kxh4 Ke2 59. Kh3
f3 60. Kh2 f2 0-1

[Event "Tournoi Skype 028B"]
[Site "Skype"]
[Date "????.??.??"]
[Round "2.7"]
[White "Escudero Ocana, Francisco"]
[Black "Abate, Luigi"]
[Result "0-1"]
[WhiteElo "1398"]
[BlackElo "1189"]
[PlyCount "70"]

1. e4 e5 2. Nf3 Nc6 3. Bb5 a6 4. Ba4 Nf6 5. d3 Bb4+ 6. Bd2 b5 7. Bb3 O-O 8.
Bxb4 Nxb4 9. Nxe5 Re8 10. Nxf7 Qe7 11. Nh6+ Kh8 12. Nf7+ Kg8 13. Nd6+ Kh8 14.
Nxe8 Qxe8 15. Qf3 d5 16. Nd2 Bg4 17. Qe3 Be6 18. f3 d4 19. Qxd4 Qe7 20. Bxe6
Nxc2+ 21. Kf2 Nxd4 22. Bh3 Qc5 23. Rac1 Qb4 24. Ke3 c6 25. b3 Nh5 26. g4 Nf6
27. Rhf1 Rd8 28. Rf2 g5 29. f4 h5 30. fxg5 Nxg4+ 31. Bxg4 hxg4 32. Rf4 Qd6 33.
Rc3 Ne6 34. e5 Qxe5+ 35. Re4 Qxc3 0-1

[Event "Tournoi Skype 028B"]
[Site "Skype"]
[Date "????.??.??"]
[Round "2.8"]
[White "Maalik, Aakash"]
[Black "Castillo, David"]
[Result "1/2-1/2"]
[WhiteElo "1178"]
[BlackElo "1381"]
[PlyCount "71"]

1. d4 f5 2. Bf4 Nf6 3. e3 d6 4. h3 g6 5. Bd3 Bg7 6. Nf3 e6 7. c3 b6 8. Nbd2 Bb7
9. Qc2 Nbd7 10. Ng5 Nf8 11. e4 h6 12. Ngf3 Nh5 13. Bh2 Qf6 14. Qa4+ Nd7 15. e5
dxe5 16. Nxe5 Qd8 17. Nxg6 Rg8 18. Be2 Nhf6 19. Rg1 Bf8 20. Nf4 Qe7 21. Qb3 Bd5
22. Qc2 O-O-O 23. Nxd5 Nxd5 24. c4 Nb4 25. Qa4 a5 26. a3 Na6 27. c5 Nab8 28.
cxb6 Nxb6 29. Qxa5 Rxd4 30. Nf3 Rd5 31. Qc3 Qc5 32. Qf6 Qe7 33. Qc3 Qc5 34. Qb3
Qa5+ 35. Kf1 Bd6 36. Bxd6 1/2-1/2

[Event "Tournoi Skype 028B"]
[Site "Skype"]
[Date "????.??.??"]
[Round "2.9"]
[White "Duthoit, Bernard"]
[Black "Jimenez Cabrera, Rodolfo"]
[Result "0-1"]
[WhiteElo "1379"]
[BlackElo "1175"]
[PlyCount "32"]

1. e4 d6 2. d4 c6 3. Nf3 Bg4 4. Be2 Nf6 5. e5 Nfd7 6. exd6 exd6 7. Nc3 d5 8.
Ne5 Be6 9. Nxd7 Nxd7 10. O-O Be7 11. Re1 O-O 12. Bg4 Bxg4 13. Qxg4 Nf6 14. Bh6
Nxg4 15. Bf4 Bg5 16. h3 Bxf4 0-1

[Event "Tournoi Skype 028B"]
[Site "Skype"]
[Date "????.??.??"]
[Round "2.10"]
[White "Florez Beltran, Leidy Lucila"]
[Black "Rivas, Jonathan"]
[Result "0-1"]
[WhiteElo "1176"]
[BlackElo "1378"]
[PlyCount "78"]

1. e4 c5 2. Nf3 d6 3. Nc3 Nf6 4. Bc4 e6 5. O-O Nc6 6. Re1 g6 7. Bb5 Bd7 8. d3
Bg7 9. Bxc6 Bxc6 10. e5 dxe5 11. Nxe5 Qc7 12. Nxc6 Qxc6 13. d4 Rd8 14. Be3 O-O
15. Qc1 cxd4 16. Bxd4 Rxd4 17. Ne2 Rg4 18. g3 Nd5 19. Qd2 Qc7 20. c3 Rd8 21.
Nd4 Ne7 22. Rad1 Bxd4 23. cxd4 Rgxd4 24. Qe2 Rxd1 25. Rxd1 Rxd1+ 26. Qxd1 Nf5
27. g4 Nh4 28. f3 Qc6 29. Qd8+ Kg7 30. Qxh4 Qc1+ 31. Kg2 Qxb2+ 32. Kg3 Qxa2 33.
g5 b5 34. Qh6+ Kg8 35. f4 b4 36. h4 b3 37. h5 b2 38. hxg6 hxg6 39. f5 exf5 0-1

[Event "Tournoi Skype 028B"]
[Site "Skype"]
[Date "????.??.??"]
[Round "2.11"]
[White "Vincent, Andre"]
[Black "De Coninck, Philippe"]
[Result "0-1"]
[WhiteElo "1377"]
[BlackElo "1173"]
[PlyCount "68"]

1. e4 b6 2. Nf3 Bb7 3. Nc3 e6 4. d3 g6 5. Bg5 f6 6. Be3 d6 7. d4 Ne7 8. Bd3 a6
9. O-O Qd7 10. Qd2 h6 11. h3 Nbc6 12. Nh2 h5 13. f4 O-O-O 14. a3 Bh6 15. b4 Na7
16. a4 f5 17. Qe2 h4 18. Bxa6 Qc6 19. Bxb7+ Kxb7 20. Qd3 Rhg8 21. d5 exd5 22.
exd5 Qd7 23. Nb5 g5 24. Nxa7 Kxa7 25. a5 Kb7 26. a6+ Ka7 27. Ra5 gxf4 28. Bf2
Ng6 29. Nf3 Qg7 30. Ne1 Ne5 31. Qe2 f3 32. Bxb6+ cxb6 33. Qf2 Nc4 34. Ra1 Be3
0-1

[Event "Tournoi Skype 028B"]
[Site "Skype"]
[Date "????.??.??"]
[Round "2.12"]
[White "Yanez, Leticia Jorgelina"]
[Black "Loaisiga Perez, Carlos Alberto"]
[Result "0-1"]
[WhiteElo "1147"]
[BlackElo "1374"]
[PlyCount "53"]

1. e4 c5 2. d4 cxd4 3. Bc4 Nc6 4. Nf3 e5 5. O-O Nf6 6. Nbd2 Bc5 7. Ng5 d5 8.
exd5 Nxd5 9. Nxf7 Kxf7 10. Qf3+ Ke8 11. Bxd5 Qf6 12. Bxc6+ bxc6 13. Qxc6+ Qxc6
14. Nf3 Bb7 15. Nh4 Be7 16. Nf3 Rf8 17. Ne1 Bh4 18. Bd2 Rf6 19. f3 e4 20. f4 e3
21. Nf3 Rxf4 22. Nxh4 Rxh4 23. Rf2 exf2+ 24. Kf1 Qxg2+ 25. Ke2 Qf3+ 26. Kf1
Ba6+ 27. c4 0-1

[Event "Tournoi Skype 028B"]
[Site "Skype"]
[Date "????.??.??"]
[Round "2.13"]
[White "Figueiredo, Oneide De Souza"]
[Black "Hernandez Lopez, Joaquin"]
[Result "0-1"]
[WhiteElo "1372"]
[BlackElo "1106"]
[PlyCount "96"]

1. e4 c5 2. Nf3 Nc6 3. Bc4 Nf6 4. Nc3 e5 5. d3 Be7 6. Be3 O-O 7. O-O a6 8. Nd5
b5 9. Nxf6+ Bxf6 10. Bd5 Qb6 11. b4 d6 12. c3 Bb7 13. a3 Ne7 14. Bxb7 Qxb7 15.
bxc5 dxc5 16. Bxc5 Rac8 17. Bb4 Rfe8 18. Re1 Ng6 19. g3 Qd7 20. d4 Be7 21. dxe5
Qxd1 22. Raxd1 Bxb4 23. cxb4 Nxe5 24. Nxe5 Rxe5 25. Rd5 Rce8 26. Rxe5 Rxe5 27.
Rd1 Kf8 28. f3 Ke7 29. Rd5 Rxd5 30. exd5 Kd6 31. Kf2 Kxd5 32. Ke3 Kc4 33. Ke4
Kb3 34. Ke5 Kxa3 35. f4 Kxb4 36. f5 f6+ 37. Ke6 Kc4 38. Kf7 b4 39. Kxg7 b3 40.
Kxf6 b2 41. Kg7 b1=Q 42. g4 Qb7+ 43. Kf6 Qh1 44. Ke7 Qe4+ 45. Kf7 Qxg4 46. f6
Qd7+ 47. Kf8 Kd5 48. f7 Ke6 0-1

[Event "Tournoi Skype 028B"]
[Site "Skype"]
[Date "????.??.??"]
[Round "2.14"]
[White "Trapletti, Cosetta"]
[Black "Scata, Laura"]
[Result "0-1"]
[WhiteElo "1026"]
[BlackElo "1366"]
[PlyCount "116"]

1. c4 c6 2. d4 d5 3. e3 Nf6 4. Nc3 Bf5 5. Bd3 Bxd3 6. Qxd3 Nbd7 7. Nf3 e6 8.
O-O Be7 9. e4 dxe4 10. Nxe4 Nxe4 11. Qxe4 Nf6 12. Qf4 Bd6 13. Ne5 O-O 14. c5
Bxe5 15. Qxe5 Ng4 16. Qf4 Nf6 17. Be3 Nd5 18. Qf3 Qf6 19. Qe2 Nf4 20. Qf3 Nd5
21. Qe4 Rae8 22. g3 e5 23. dxe5 Rxe5 24. Qd3 Rd8 25. Qc2 Qe7 26. Rae1 Nxe3 27.
fxe3 Qxc5 28. Qf2 Re7 29. a3 Qb6 30. Qf4 Qc7 31. e4 Rd4 32. Qf3 Qb6 33. b4 Rd3+
34. Re3 Qxe3+ 35. Kg2 Qxf3+ 36. Rxf3 Rxf3 37. Kxf3 Rd7 38. e5 Rd3+ 39. Kf4 Rxa3
40. Ke4 Kf8 41. Kd4 Ke7 42. Kc5 Ke6 43. Kd4 b6 44. h4 Ra4 45. Kc4 Ra1 46. b5
Rc1+ 47. Kb4 c5+ 48. Kb3 Kxe5 49. Kb2 Rg1 50. Kc2 Ke4 51. Kd2 Rxg3 52. Ke2 Re3+
53. Kf2 c4 54. h5 c3 55. Kf1 c2 56. Kf2 c1=Q 57. Kg2 Qd2+ 58. Kg1 Re1# 0-1

[Event "Tournoi Skype 028B"]
[Site "Skype"]
[Date "????.??.??"]
[Round "2.15"]
[White "Cabrera Sosa, Marco Vinicio"]
[Black "Arias, Iliak"]
[Result "1-0"]
[WhiteElo "1364"]
[BlackElo "1000"]
[PlyCount "75"]

1. e4 e5 2. Nf3 Nc6 3. Bc4 h6 4. c3 Bc5 5. b4 Bb6 6. b5 Na5 7. Nxe5 d5 8. Bxd5
Be6 9. Bxe6 fxe6 10. Qh5+ Ke7 11. Ba3+ c5 12. bxc6+ Kf6 13. Nd7+ Qxd7 14. cxd7
g6 15. Qf3+ Kg7 16. Bd6 Nf6 17. Be5 Rhf8 18. d4 Nc4 19. Bxf6+ Rxf6 20. Qe2 Na5
21. O-O Rd8 22. e5 Rf5 23. Qb5 Nc6 24. Nd2 Rxd7 25. Ne4 Rd5 26. Qd3 Bxd4 27.
cxd4 Rxd4 28. Qb3 Rxe5 29. Qxb7+ Kf8 30. Qxc6 Rexe4 31. Rfe1 Rxe1+ 32. Rxe1 e5
33. Qc5+ Kf7 34. Qxe5 Rd2 35. Qe6+ Kf8 36. Qf6+ Kg8 37. Re8+ Kh7 38. Rh8# 1-0

[Event "Tournoi Skype 028B"]
[Site "Skype"]
[Date "????.??.??"]
[Round "2.16"]
[White "Barajas, Nestor"]
[Black "Alarcon Alarcon, Florentina"]
[Result "0-1"]
[WhiteElo "1000"]
[BlackElo "1363"]
[PlyCount "68"]

1. e4 e5 2. Nf3 Nc6 3. Bc4 Be7 4. Nc3 Nf6 5. d3 O-O 6. O-O d6 7. d4 Bg4 8. h3
Bxf3 9. Qxf3 Nxd4 10. Qd3 c6 11. Na4 b5 12. Bb3 bxa4 13. Bxa4 Qa5 14. b3 Qc5
15. c3 Nb5 16. Bb2 Qb6 17. c4 Nd4 18. Rfe1 c5 19. Qd1 Qb7 20. Re3 Nxe4 21. Bxd4
cxd4 22. Re2 Nc3 23. Qd2 Nxe2+ 24. Qxe2 Bf6 25. b4 e4 26. Rd1 Qxb4 27. Bc2 d3
28. Rxd3 exd3 29. Bxd3 Rfe8 30. Qh5 Qe1+ 31. Kh2 Be5+ 32. g3 Qxf2+ 33. Kh1 Qxg3
34. Qd1 Qh2# 0-1

[Event "Tournoi Skype 028B"]
[Site "Skype"]
[Date "????.??.??"]
[Round "2.18"]
[White "Campos Silva, Lucas"]
[Black "Contreras, Leidy Tatiana"]
[Result "0-1"]
[WhiteElo "1000"]
[BlackElo "1355"]
[PlyCount "53"]

1. e4 d5 2. exd5 Qxd5 3. Nc3 Qa5 4. d4 c6 5. Bd2 Bf5 6. Bd3 e6 7. Nf3 Nf6 8.
Ne4 Qd8 9. Nxf6+ Qxf6 10. Bc3 Bd6 11. d5 e5 12. dxc6 Nxc6 13. Qd2 Bxd3 14. cxd3
O-O 15. O-O Nd4 16. Qg5 Nxf3+ 17. Kh1 Nxg5 18. f4 Ne6 19. h3 Qh6 20. f5 Nf4 21.
Bd2 Qg5 22. Bxf4 exf4 23. Rf3 Qxf5 24. Rd1 Rfe8 25. g4 Qd5 26. Rdf1 Re3 27. Kg2
0-1

[Event "Tournoi Skype 028B"]
[Site "Skype"]
[Date "????.??.??"]
[Round "2.19"]
[White "Amato, Ludovica"]
[Black "Garganese, Paolo"]
[Result "1-0"]
[WhiteElo "1346"]
[BlackElo "1000"]
[PlyCount "65"]

1. e4 c5 2. Nf3 d6 3. Bc4 e6 4. O-O a6 5. c3 Nf6 6. Re1 b5 7. Bb3 Nc6 8. d4
cxd4 9. cxd4 Be7 10. a3 O-O 11. Nc3 b4 12. axb4 Nxb4 13. e5 Nd7 14. Bf4 d5 15.
Qd2 Rb8 16. Rec1 Nb6 17. Na4 Bd7 18. Nc5 Bb5 19. Qxb4 Nc4 20. Bxc4 Bxc4 21. Qc3
Bxc5 22. dxc5 Rb3 23. Qd2 Qb8 24. Rc2 Rd3 25. Qc1 Qb5 26. Rd2 Rb8 27. Rxd3 Bxd3
28. Ra3 Bc4 29. b3 Bxb3 30. Nd4 Qd3 31. Nxb3 Rxb3 32. Rxb3 Qxb3 33. g3 1-0

[Event "Tournoi Skype 028B"]
[Site "Skype"]
[Date "????.??.??"]
[Round "2.20"]
[White "Franca, Adilson Mendes"]
[Black "Loaisiga, Jose Manuel"]
[Result "0-1"]
[WhiteElo "1000"]
[BlackElo "1336"]
[PlyCount "94"]

1. e4 c5 2. c3 e6 3. Nf3 d5 4. exd5 exd5 5. Qe2+ Be6 6. d4 Nf6 7. Ng5 Qe7 8.
dxc5 Bd7 9. Qxe7+ Bxe7 10. Be2 Bxc5 11. Nd2 Ng4 12. Bxg4 Bxg4 13. h3 Bd7 14.
O-O O-O 15. Ndf3 Nc6 16. Bf4 h6 17. b4 Be7 18. Ne5 Nxe5 19. Bxe5 Bxg5 20. Rae1
Rfe8 21. Bd6 Bb5 22. Rxe8+ Rxe8 23. Rd1 Bc4 24. a4 Be7 25. Bxe7 Rxe7 26. g4 Re2
27. Kg2 Rc2 28. Re1 Kf8 29. h4 Rxc3 30. g5 h5 31. Re5 g6 32. f4 a6 33. f5 Rb3
34. b5 axb5 35. fxg6 fxg6 36. a5 b4 37. Re6 Kf7 38. Rb6 Ba6 39. Rd6 Rd3 40. Kf2
b3 41. Rd7+ Ke6 42. Rg7 Kf5 43. Rf7+ Ke6 44. Rf6+ Ke5 45. Rxg6 b2 46. Rh6 b1=Q
47. g6 Qc2+ 0-1

[Event "Tournoi Skype 028B"]
[Site "Skype"]
[Date "????.??.??"]
[Round "2.21"]
[White "Frances, Carlos Alberto"]
[Black "Jimenez, Eduardo"]
[Result "0-1"]
[WhiteElo "1324"]
[BlackElo "1000"]
[PlyCount "140"]

1. Nf3 Nc6 2. c4 Nf6 3. Nc3 e5 4. e4 Bb4 5. d3 Bxc3+ 6. bxc3 O-O 7. Bg5 h6 8.
Bxf6 Qxf6 9. Qc2 d6 10. Be2 Qg6 11. O-O Bh3 12. Ne1 a5 13. Bf3 f5 14. Kh1 fxe4
15. Bxe4 Bf5 16. f3 Bxe4 17. dxe4 Qe6 18. Qe2 Kh7 19. Nd3 Qxc4 20. Qc2 Nb4 21.
Nxb4 axb4 22. Rfc1 bxc3 23. Qxc3 Qxc3 24. Rxc3 c6 25. Kg1 d5 26. exd5 cxd5 27.
Rd3 d4 28. a3 Rac8 29. Rb1 Rc7 30. a4 Rfc8 31. Kf2 Ra8 32. Rb4 g6 33. h3 h5 34.
Ra3 h4 35. g3 hxg3+ 36. Kxg3 Kg7 37. Rb6 Kh6 38. a5 Kg5 39. Rb5 Kf6 40. Rb6+
Kf5 41. Rb5 g5 42. Rd3 Rd8 43. Rb6 Ra8 44. Rb5 Rd8 45. Rb6 Rd5 46. a6 bxa6 47.
Rxa6 Rb5 48. Rh6 Rb1 49. Rh8 Ra7 50. Rf8+ Ke6 51. Kg4 Rg1+ 52. Kh5 Rh7+ 53. Kg6
Rxh3 54. Rf6+ Kd5 55. Rf5 g4 56. Rg5 Rg2 57. Kf5 Rgg3 58. Rg8 Rh5+ 59. Rg5 Rhh3
60. Ra3 Rxf3+ 61. Rxf3 gxf3 62. Kg4 f2 63. Rf5 Rh7 64. Rxf2 Rg7+ 65. Kh5 Rh7+
66. Kg6 Rh1 67. Kf5 Rh8 68. Kg4 Rg8+ 69. Kf3 e4+ 70. Ke2 Rg6 0-1

[Event "Tournoi Skype 028B"]
[Site "Skype"]
[Date "????.??.??"]
[Round "2.22"]
[White "Funez, Lilian"]
[Black "Sanchez Padilla, Armando Edilber"]
[Result "0-1"]
[WhiteElo "1000"]
[BlackElo "1323"]
[PlyCount "68"]

1. e4 e5 2. Nf3 d6 3. d4 exd4 4. Nxd4 c5 5. Nf3 Be7 6. Bc4 Nf6 7. e5 Ng4 8.
exd6 Bxd6 9. h3 Qe7+ 10. Qe2 Ne5 11. Nxe5 Qxe5 12. Qxe5+ Bxe5 13. O-O O-O 14.
Nc3 Nc6 15. Be3 b6 16. a3 Bf5 17. Rac1 Rad8 18. Bb3 Rd6 19. Rcd1 Rg6 20. Bd5
Ne7 21. f4 Nxd5 22. Nxd5 Bd6 23. Rf3 Bxc2 24. Rd2 Be4 25. f5 Rg3 26. Rxg3 Bxg3
27. Ne7+ Kh8 28. Re2 Bh4 29. Nc6 Bxc6 30. g4 Rd8 31. Bd2 Bf6 32. Bc3 Rd1+ 33.
Kh2 Bh4 34. Rd2 Rh1# 0-1

[Event "Tournoi Skype 028B"]
[Site "Skype"]
[Date "????.??.??"]
[Round "2.23"]
[White "Mhabdi, Mahesh"]
[Black "Llabres, Sergio"]
[Result "0-1"]
[WhiteElo "1312"]
[BlackElo "1000"]
[PlyCount "126"]

1. e4 e6 2. Nf3 d5 3. e5 c5 4. d4 Qb6 5. b3 Nc6 6. Bb2 cxd4 7. Nxd4 Nxe5 8.
Bb5+ Nc6 9. Nd2 a6 10. Ba4 Nf6 11. N4f3 Be7 12. Ne5 O-O 13. Ndf3 Ne4 14. O-O
Bf6 15. Bxc6 bxc6 16. c4 a5 17. a3 Qb7 18. Bd4 c5 19. Bb2 d4 20. Nd3 Be7 21. b4
axb4 22. axb4 cxb4 23. Rxa8 Qxa8 24. Bxd4 Ba6 25. Qb3 Rc8 26. Nfe5 Qb7 27. Be3
Nc5 28. Qxb4 Nxd3 29. Qxb7 Bxb7 30. Nxd3 Rxc4 31. Rb1 Rc7 32. Bf4 Rd7 33. Ne5
Rd5 34. h3 Ba6 35. Rb8+ Bf8 36. Nc6 Rd7 37. Bd6 h6 38. Bxf8 Kh7 39. Ne5 Rd1+
40. Kh2 Rd4 41. Nxf7 Rf4 42. Ne5 Rxf2 43. Rb6 Bf1 44. Bc5 Rxg2+ 45. Kh1 Re2 46.
Rxe6 Rc2 47. Bd4 Bxh3 48. Rc6 Bg2+ 49. Kg1 Bxc6 50. Nxc6 Rxc6 51. Kg2 g5 52.
Kg3 Kg6 53. Be5 Kf5 54. Bb2 h5 55. Kf3 h4 56. Bd4 g4+ 57. Kg2 Rc2+ 58. Bf2 g3
59. Kf1 gxf2 60. Kg2 Kf4 61. Kf1 Ke3 62. Kg2 Ke2 63. Kh2 Ke1 0-1

[Event "Tournoi Skype 028B"]
[Site "Skype"]
[Date "????.??.??"]
[Round "2.24"]
[White "Telles, Rigoberto"]
[Black "Rodriguez, Omar Alexander"]
[Result "1-0"]
[WhiteElo "1307"]
[BlackElo "1000"]
[PlyCount "50"]

1. e4 e5 2. Nf3 Nc6 3. Bc4 a6 4. O-O Nf6 5. Ng5 d5 6. exd5 Nxd5 7. Nxf7 Kxf7 8.
Qf3+ Ke8 9. Bxd5 Qe7 10. Bxc6+ Kd8 11. Qd5+ Qd6 12. Qxd6+ Bxd6 13. Be4 Be6 14.
Bxb7 Rb8 15. Be4 h6 16. d3 Rf8 17. Nd2 Be7 18. Nb3 g5 19. Na5 Bd7 20. Nc6+ Bxc6
21. Bxc6 Rb4 22. a3 Rd4 23. Be4 Rd6 24. Be3 g4 25. Bc5 Rf7 1-0